Liedtext - Nicht A - Vogelfrey - Statistiken

Allgemein
  • Dieses Quiz wurde 4 mal gespielt
    3 seit der letzten Aktualisierung
  • Das Durchschnittsergebnis liegt bei 196 aus 330
Antwortstatistiken
Antwort % Korrekt
A)
100%
A
100%
auf
100%
Auf
100%
(Da
100%
da
100%
(Das
100%
das
100%
Das
100%
dem
100%
den
100%
ist
100%
Ist
100%
Mit
100%
mit
100%
nicht
100%
Nicht
100%
Auto
67%
bei
67%
Dein
67%
dein
67%
Der
67%
der
67%
Ein
67%
einer!)
67%
Gandalf
67%
Gandalf!?
67%
ich
67%
Ich
67%
Mal
67%
Mittelaltermarkt
67%
(Na na na na)
67%
(Na na na na na na na na)
67%
(Na na na na na na na na na na)
67%
(Na na na na na na na na na na na na na)
67%
noch
67%
sehr
67%
und
67%
von
67%
(Was!?)
67%
acht
33%
alles
33%
Amazon
33%
An
33%
aus
33%
bestellt
33%
bin
33%
bist
33%
deine
33%
deinem
33%
du
33%
Du
33%
Elfenohren
33%
Es
33%
es
33%
find'
33%
für
33%
gewagt
33%
hast
33%
(Hey!)
33%
Ihr
33%
im
33%
ja
33%
keine
33%
Kettenhemd
33%
Kilt
33%
Kombination
33%
kommt
33%
Latexschwert
33%
(Nein!
33%
neue
33%
Neun
33%
Polizist
33%
Schicke
33%
seid
33%
seinem
33%
Song
33%
Vogelfrey
33%
Wackentattoo
33%
wenn
33%
wie
33%
Wir
33%
30
0%
abgefahren
0%
affektiert
0%
aggressiv
0%
(aggressiv)
0%
akkurat
0%
Altersdurchschnitt
0%
ambitioniert
0%
amüsant
0%
Animalisch
0%
ansehnlich
0%
apart
0%
arrogant
0%
Asthmaspray
0%
Atemberaubend
0%
Athletisch
0%
attraktiv
0%
(attraktiv)
0%
ausgefallen
0%
Außergewöhnlich
0%
authentisch
0%
Bart
0%
Bogenschießen
0%
Bunter
0%
Candycrush
0%
Dixiklos
0%
dran
0%
drin
0%
Dudelsack
0%
Gaukler
0%
Gewand
0%
Glitzer
0%
hat
0%
Heimlich
0%
Helm
0%
Hobbits
0%
Hörner
0%
Kinderschminken
0%
Kleid
0%
Met
0%
nichts
0%
nützt
0%
P.A.
0%
Plastik
0%
Rolle
0%
scheiß
0%
Schuhe
0%
Silberling
0%
sind
0%
Sonnencreme
0%
spielt
0%
Strähnchen
0%
Superfun
0%
Süße
0%
Taler
0%
Telefon
0%
tippt
0%
über
0%
unverfroren
0%
Zehn
0%
Zelt
0%
Zwerge
0%
Keine übereinstimmenden Quizze gefunden
Verteilung der Resultate
Anzahl Personen mit jedem Resultat
Perzentil nach korrekt beantworteten Fragen
Ihre Resultats-Entwicklung
Sie haben dieses Quiz seit der letzten Aktualisierung nicht gespielt